Modern Day Countries of the British Empire in 1921 - Sudden Death - Statistics

General Stats
  • This quiz has been taken 44 times
    27 since last reset
  • The average score is 37 of 74
Answer Stats
Hint Answer % Correct
I India
79%
J Jamaica
79%
I Ireland
75%
B Barbados
71%
S South Sudan
71%
S Sudan
71%
U United Kingdom
71%
B Belize
67%
P Pakistan
67%
S Saint Kitts and Nevis
67%
S Saint Lucia
67%
S South Africa
67%
Z Zambia
67%
Z Zimbabwe
67%
A Antigua and Barbuda
63%
A Australia
63%
B Bahamas
63%
S Saint VIncent and the Grenadines
63%
B Bangladesh
58%
G Guyana
58%
K Kenya
58%
N New Zealand
58%
O Oman
58%
S Singapore
58%
U Uganda
58%
Y Yemen
58%
C Canada
54%
C Cyprus
54%
E Egypt
54%
G Grenada
54%
I Israel
54%
N Nigeria
54%
Q Qatar
54%
T Tanzania
54%
T Trinidad and Tobago
54%
U United Arab Emirates
54%
G Ghana
50%
J Jordan
50%
K Kuwait
50%
M Malawi
50%
M Malaysia
50%
M Malta
50%
M Myanmar
50%
S Somalia
50%
B Brunei
46%
D Dominica
46%
L Lesotho
46%
S Sri lanka
46%
B Bahrain
42%
I Iraq
42%
M Maldives
42%
S Sierra Leone
42%
T Tonga
42%
B Botswana
38%
E Eswatini
38%
F Fiji
38%
K Kiribati
38%
N Nepal
38%
S Samoa
38%
S Solomon Islands
38%
T Tuvalu
38%
V Vanuatu
38%
G Gambia
33%
N Nauru
33%
B Bhutan
29%
M Mauritius
29%
N Namibia
29%
P Papua New Guinea
29%
C China
25%
S Saudi arabia
25%
S Seychelles
25%
C Cameroon
21%
T Turkey
13%
L Libya
8%
No matching quizzes found
Score Distribution
Percent of People with Each Score
Percentile by Number Answered
Your Score History
You have not taken this quiz since the last reset